000 00398nam a2200181Ia 4500
001 360
005 20260306140512.0
008 260306t2008||||xx |||||||||||||| ||spa||
041 _aESP
082 _a110
_bA72 2008
100 _aAristóteles
_eAUT
245 0 _aMetafísica
260 _c2008
300 _a455 páginas :
_c17 cm.
650 _aGEN
654 _aCHU
942 _cLIB
_dJUS
_fJUS
_2ddc
_n
999 _c360
_d360